Inazuma Eleven 1 - Statistiques

Statistiques générales
  • Ce quiz a été pris 64 fois
    39 depuis la dernière actualisation
  • Le résultat moyen est 13 sur 19
Statistiques - réponses
Postes Joueurs % Correct
Gardien de but Mark Evans
97%
Attaquant Axel Blaze
89%
Managers Nelly Raimon
89%
Défenseur Jack Wallside
86%
Milieu offensif Jude Sharp
86%
Défenseur Nathan Swift
86%
Attaquant Kevin Dragonfly
83%
Milieu latéral Erik Eagle
81%
Défenseur Bobby Shearer
78%
Défenseur Tod Ironside
78%
Attaquant Willy Glass
78%
Entraîneur Seymour Hillman
75%
Managers Célia Hills
64%
Milieu Steve Grim
61%
Managers Silvia Woods
56%
Milieu Maxwell Carson
47%
Milieu Sam Kincaid
44%
Défenseur Jim Wraith
42%
Milieu Timmy Sanders
25%
Aucun quiz correspondant
Distribution des résultats
% des personnes avec chaque résultat
Percentile par nombre de réponses
Votre historique - résultats
Vous n’avez pas pris ce quiz depuis la dernière actualisation